000
00287nam a22001217a 4500
008
160425b xxu||||| |||| 00| 0 eng d
020
_a
9780323025867
020
_a
100323025862
041
_a
eng
080
_a
618.2
245
_a
Fundamentals of nursing:
_c
Potter Perry;
942
_2
udc
_c
BK
999
_c
1566
_d
1566